[Event "DVM U20w 2018"]
[Site "Osnabrück GER"]
[Date "2018.12.27"]
[Round "1"]
[White "Wetzler, Sophia"]
[Black "Giede, Anna-Blume"]
[Result "1-0"]
[Termination "normal"]
[Board "2.4"]
[WhiteElo "1719"]
[BlackElo "1569"]
[WhiteClock "00:14:17"]
[BlackClock "00:01:02"]
[WhiteTeam "SC Bavaria Regensburg"]
[BlackTeam "TuRa Harksheide von 1945 Norderstedt"]
[PlyCount "67"]
[WhiteFideId "12951960"]
[BlackFideId "12921980"]
[EventCountry "GER"]
[EventRounds "7"]
[EventType "team-swiss"]
[EventDate "2018.12.26"]

1. e4 {[%clk 1:30:55]} c6 {[%clk 1:30:54]} 2. d4 {[%clk 1:31:11]} d5 {[%clk
1:31:19]} 3. Nc3 {[%clk 1:31:16]} dxe4 {[%clk 1:31:22]} 4. Nxe4 {[%clk
1:31:17]} Bf5 {[%clk 1:30:38]} 5. Ng3 {[%clk 1:30:19]} Bg6 {[%clk 1:30:49]} 6.
h4 {[%clk 1:29:53]} h6 {[%clk 1:31:09]} 7. Nf3 {[%clk 1:29:30]} e6 {[%clk
1:29:05]} 8. h5 {[%clk 1:28:16]} Bh7 {[%clk 1:29:13]} 9. Bd3 {[%clk 1:27:39]}
Bxd3 {[%clk 1:28:48]} 10. Qxd3 {[%clk 1:28:00]} Nf6 {[%clk 1:24:07]} 11. Bf4
{[%clk 1:27:20]} Bd6 {[%clk 1:18:12]} 12. Ne5 {[%clk 1:22:49]} O-O {[%clk
1:03:24]} 13. O-O-O {[%clk 1:19:34]} Na6 {[%clk 0:47:25]} 14. c4 {[%clk
1:09:41]} c5 {[%clk 0:29:25]} 15. Qf3 {[%clk 1:01:41]} Qe7 {[%clk 0:19:29]} 16.
Ne4 {[%clk 0:58:29]} Nxe4 {[%clk 0:14:46]} 17. Qxe4 {[%clk 0:57:23]} Rfd8
{[%clk 0:11:23]} 18. g4 {[%clk 0:53:45]} cxd4 {[%clk 0:07:14]} 19. Bg3 {[%clk
0:43:07]} Rac8 {[%clk 0:05:41]} 20. Kb1 {[%clk 0:38:09]} Bxe5 {[%clk 0:04:27]}
21. Bxe5 {[%clk 0:38:18]} Rxc4 {[%clk 0:03:49]} 22. g5 {[%clk 0:29:50]} hxg5
{[%clk 0:02:57]} 23. h6 {[%clk 0:30:08]} f5 {[%clk 0:01:32]} 24. Qe2 {[%clk
0:27:51]} d3 {[%clk 0:01:16]} 25. Rxd3 {[%clk 0:21:05]} Re4 {[%clk 0:01:32]}
26. h7+ {[%clk 0:16:47]} Kh8 {[%clk 0:01:44]} 27. Rxd8+ {[%clk 0:16:34]} Qxd8
{[%clk 0:02:05]} 28. Qb5 {[%clk 0:16:30]} Rh4 {[%clk 0:01:39]} 29. Rc1 {[%clk
0:15:55]} Kxh7 {[%clk 0:01:29]} 30. Qxb7 {[%clk 0:16:01]} Qd3+ {[%clk 0:01:01]}
31. Ka1 {[%clk 0:16:10]} Kh6 {[%clk 0:00:44]} 32. Qxg7+ {[%clk 0:15:44]} Kh5
{[%clk 0:01:09]} 33. Rg1 {[%clk 0:14:40]} g4 {[%clk 0:01:02]} 34. Bf4 {[%clk
0:14:17]} 1-0

[Event "DVM U20w 2018"]
[Site "Osnabrück GER"]
[Date "2018.12.27"]
[Round "1"]
[White "Browning, Rebecca"]
[Black "Jacoby, Angelina"]
[Result "1-0"]
[Termination "normal"]
[Board "3.2"]
[WhiteElo "1833"]
[BlackElo "1259"]
[WhiteClock "00:16:58"]
[BlackClock "00:00:00"]
[WhiteTeam "SG Solingen"]
[BlackTeam "Leegebrucher SF"]
[PlyCount "114"]
[WhiteFideId "12984027"]
[BlackFideId "12999008"]
[EventCountry "GER"]
[EventRounds "7"]
[EventType "team-swiss"]
[EventDate "2018.12.26"]

1. e4 {[%clk 1:30:58]} d5 {[%clk 1:30:12]} 2. exd5 {[%clk 1:31:22]} Qxd5 {[%clk
1:30:39]} 3. Nc3 {[%clk 1:31:46]} Qa5 {[%clk 1:30:52]} 4. d4 {[%clk 1:32:10]}
c6 {[%clk 1:31:16]} 5. Nf3 {[%clk 1:32:34]} Nf6 {[%clk 1:31:40]} 6. Bc4 {[%clk
1:32:39]} Bf5 {[%clk 1:31:11]} 7. Ne5 {[%clk 1:32:33]} e6 {[%clk 1:30:13]} 8.
O-O {[%clk 1:31:05]} Bd6 {[%clk 1:28:44]} 9. Re1 {[%clk 1:28:11]} O-O {[%clk
1:22:12]} 10. Bf4 {[%clk 1:25:09]} Qc7 {[%clk 1:18:15]} 11. Bg3 {[%clk
1:20:44]} Nbd7 {[%clk 1:13:49]} 12. Bd3 {[%clk 1:06:18]} Bg6 {[%clk 1:09:16]}
13. Nxg6 {[%clk 0:59:25]} hxg6 {[%clk 1:09:03]} 14. Ne4 {[%clk 0:52:36]} Bf4
{[%clk 1:02:01]} 15. Bxf4 {[%clk 0:47:17]} Qxf4 {[%clk 1:01:51]} 16. g3 {[%clk
0:44:37]} Qc7 {[%clk 0:47:09]} 17. c3 {[%clk 0:44:50]} Rfe8 {[%clk 0:45:03]}
18. f4 {[%clk 0:44:47]} Rad8 {[%clk 0:36:32]} 19. Qb3 {[%clk 0:43:20]} c5
{[%clk 0:29:03]} 20. Rad1 {[%clk 0:35:23]} cxd4 {[%clk 0:21:14]} 21. cxd4
{[%clk 0:35:17]} Nb6 {[%clk 0:15:03]} 22. Bb5 {[%clk 0:34:16]} Rf8 {[%clk
0:14:06]} 23. Qc3 {[%clk 0:27:56]} Nbd5 {[%clk 0:12:11]} 24. Qxc7 {[%clk
0:25:31]} Nxc7 {[%clk 0:12:31]} 25. Nxf6+ {[%clk 0:25:57]} gxf6 {[%clk
0:12:50]} 26. Bc4 {[%clk 0:26:20]} Nd5 {[%clk 0:09:32]} 27. a3 {[%clk 0:23:21]}
Rd6 {[%clk 0:09:06]} 28. Rd3 {[%clk 0:20:20]} Rfd8 {[%clk 0:07:38]} 29. Ba2
{[%clk 0:19:01]} Ne7 {[%clk 0:06:35]} 30. Red1 {[%clk 0:17:56]} Kf8 {[%clk
0:06:16]} 31. Bb1 {[%clk 0:17:30]} Nc6 {[%clk 0:06:01]} 32. d5 {[%clk 0:17:37]}
Rxd5 {[%clk 0:06:21]} 33. Rxd5 {[%clk 0:17:39]} Rxd5 {[%clk 0:06:45]} 34. Rxd5
{[%clk 0:18:01]} exd5 {[%clk 0:07:12]} 35. Ba2 {[%clk 0:18:24]} d4 {[%clk
0:06:24]} 36. Kf2 {[%clk 0:18:48]} f5 {[%clk 0:06:14]} 37. Ke2 {[%clk 0:19:04]}
Ke7 {[%clk 0:06:19]} 38. Kd3 {[%clk 0:19:28]} f6 {[%clk 0:03:46]} 39. Bd5
{[%clk 0:19:10]} Kd6 {[%clk 0:01:21]} 40. Bf7 {[%clk 0:15:22]} g5 {[%clk
0:01:31]} 41. b4 {[%clk 0:09:35]} a6 {[%clk 0:00:35]} 42. Be8 {[%clk 0:09:06]}
Kd5 {[%clk 0:20:16]} 43. h4 {[%clk 0:24:00]} Nd8 {[%clk 0:03:56]} 44. h5 {[%clk
0:20:42]} Ne6 {[%clk 0:03:02]} 45. h6 {[%clk 0:20:08]} Nf8 {[%clk 0:02:50]} 46.
Bf7+ {[%clk 0:18:46]} Kd6 {[%clk 0:02:40]} 47. Bg8 {[%clk 0:19:08]} Ke7 {[%clk
0:01:15]} 48. h7 {[%clk 0:19:31]} Ng6 {[%clk 0:01:28]} 49. fxg5 {[%clk
0:19:43]} fxg5 {[%clk 0:01:46]} 50. Kxd4 {[%clk 0:19:27]} Kf6 {[%clk 0:00:44]}
51. a4 {[%clk 0:19:17]} Kg7 {[%clk 0:00:55]} 52. a5 {[%clk 0:18:42]} f4 {[%clk
0:00:36]} 53. gxf4 {[%clk 0:16:21]} gxf4 {[%clk 0:00:58]} 54. Bd5 {[%clk
0:16:12]} Kxh7 {[%clk 0:01:04]} 55. Bxb7 {[%clk 0:16:37]} Kg7 {[%clk 0:00:35]}
56. Bxa6 {[%clk 0:17:03]} Kf6 {[%clk 0:00:38]} 57. Kc5 {[%clk 0:16:58]} Ke5
{[%clk 0:00:00]} 1-0

[Event "DVM U20w 2018"]
[Site "Osnabrück GER"]
[Date "2018.12.27"]
[Round "1"]
[White "Mylke, Sandy-Michelle"]
[Black "Berelowitsch, Dana"]
[Result "0-1"]
[Termination "normal"]
[Board "3.3"]
[WhiteElo "1188"]
[BlackElo "1769"]
[WhiteClock "00:36:48"]
[BlackClock "00:02:07"]
[WhiteTeam "Leegebrucher SF"]
[BlackTeam "SG Solingen"]
[PlyCount "182"]
[WhiteFideId "16235045"]
[BlackFideId "12977144"]
[EventCountry "GER"]
[EventRounds "7"]
[EventType "team-swiss"]
[EventDate "2018.12.26"]

1. d4 {[%clk 1:30:47]} d5 {[%clk 1:30:55]} 2. c3 {[%clk 1:30:42]} c5 {[%clk
1:30:50]} 3. e3 {[%clk 1:31:02]} Nc6 {[%clk 1:30:13]} 4. Bd3 {[%clk 1:31:18]}
e5 {[%clk 1:28:18]} 5. Bc2 {[%clk 1:30:10]} Nf6 {[%clk 1:27:10]} 6. Nf3 {[%clk
1:28:43]} Bg4 {[%clk 1:24:36]} 7. h3 {[%clk 1:27:11]} Bxf3 {[%clk 1:14:34]} 8.
Qxf3 {[%clk 1:24:13]} cxd4 {[%clk 1:12:03]} 9. cxd4 {[%clk 1:23:34]} exd4
{[%clk 1:11:01]} 10. exd4 {[%clk 1:19:55]} Nxd4 {[%clk 1:01:12]} 11. Qe3+
{[%clk 1:17:52]} Qe7 {[%clk 1:00:37]} 12. Ba4+ {[%clk 1:14:44]} b5 {[%clk
0:54:53]} 13. Bb3 {[%clk 1:13:41]} Nxb3 {[%clk 0:49:50]} 14. axb3 {[%clk
1:13:42]} Qxe3+ {[%clk 0:48:59]} 15. Bxe3 {[%clk 1:14:00]} Bb4+ {[%clk
0:48:06]} 16. Nc3 {[%clk 1:13:47]} Ne4 {[%clk 0:34:57]} 17. Bd4 {[%clk
1:13:34]} O-O {[%clk 0:34:26]} 18. O-O {[%clk 1:13:09]} Nd2 {[%clk 0:33:07]}
19. Rfd1 {[%clk 1:11:30]} Nxb3 {[%clk 0:31:57]} 20. Rxa7 {[%clk 1:11:19]} Nxd4
{[%clk 0:19:25]} 21. Rxa8 {[%clk 1:11:14]} Rxa8 {[%clk 0:18:51]} 22. Rxd4
{[%clk 1:10:41]} Ra1+ {[%clk 0:13:28]} 23. Nd1 {[%clk 1:09:01]} Kf8 {[%clk
0:10:18]} 24. Rxd5 {[%clk 1:07:05]} Ke7 {[%clk 0:09:14]} 25. Kf1 {[%clk
1:06:44]} Rc1 {[%clk 0:07:36]} 26. Rd3 {[%clk 1:03:44]} Bc5 {[%clk 0:05:50]}
27. Ke2 {[%clk 1:00:26]} Rc2+ {[%clk 0:05:53]} 28. Kf3 {[%clk 1:00:18]} Ke6
{[%clk 0:05:33]} 29. g4 {[%clk 0:55:36]} Ke5 {[%clk 0:04:32]} 30. Kg3 {[%clk
0:55:36]} Ke4 {[%clk 0:03:11]} 31. Rd8 {[%clk 0:54:54]} Bd4 {[%clk 0:02:14]}
32. f3+ {[%clk 0:53:52]} Kd3 {[%clk 0:01:36]} 33. Rd7 {[%clk 0:53:10]} b4
{[%clk 0:01:09]} 34. h4 {[%clk 0:52:41]} Rd2 {[%clk 0:00:42]} 35. Rb7 {[%clk
0:49:56]} Rxd1 {[%clk 0:00:42]} 36. Rxb4 {[%clk 0:50:00]} Ke2 {[%clk 0:00:48]}
37. h5 {[%clk 0:48:08]} Be5+ {[%clk 0:00:45]} 38. f4 {[%clk 0:47:04]} Bd4
{[%clk 0:00:57]} 39. g5 {[%clk 0:41:55]} Bf2+ {[%clk 0:00:42]} 40. Kg4 {[%clk
0:41:53]} Rd2 {[%clk 0:00:43]} 41. Re4+ {[%clk 0:41:43]} Be3 {[%clk 0:27:26]}
42. Re7 {[%clk 1:11:58]} Rxb2 {[%clk 0:25:01]} 43. Rxf7 {[%clk 1:12:11]} Bd4
{[%clk 0:23:23]} 44. Re7+ {[%clk 1:09:16]} Kd3 {[%clk 0:22:59]} 45. f5 {[%clk
1:09:16]} Rg2+ {[%clk 0:19:35]} 46. Kf4 {[%clk 1:08:45]} Rf2+ {[%clk 0:18:43]}
47. Kg4 {[%clk 1:08:50]} Rg2+ {[%clk 0:14:19]} 48. Kf4 {[%clk 1:09:13]} Rh2
{[%clk 0:14:04]} 49. Kg4 {[%clk 1:06:42]} Kc4 {[%clk 0:12:42]} 50. Rc7+ {[%clk
1:04:01]} Kd5 {[%clk 0:12:38]} 51. Rd7+ {[%clk 1:04:15]} Kc5 {[%clk 0:12:05]}
52. h6 {[%clk 1:01:34]} gxh6 {[%clk 0:09:18]} 53. Rxh7 {[%clk 1:01:46]} Rg2+
{[%clk 0:08:24]} 54. Kf3 {[%clk 0:58:33]} Rxg5 {[%clk 0:05:43]} 55. Kf4 {[%clk
0:58:43]} Rh5 {[%clk 0:04:39]} 56. Rc7+ {[%clk 0:58:13]} Kd6 {[%clk 0:04:26]}
57. Rh7 {[%clk 0:56:12]} Be5+ {[%clk 0:03:34]} 58. Ke4 {[%clk 0:55:40]} Rh4+
{[%clk 0:03:00]} 59. Ke3 {[%clk 0:54:40]} Bf4+ {[%clk 0:02:48]} 60. Kf3 {[%clk
0:53:35]} Bg5 {[%clk 0:02:55]} 61. Rf7 {[%clk 0:48:49]} Ke5 {[%clk 0:02:04]}
62. Rf8 {[%clk 0:48:03]} Bf6 {[%clk 0:01:39]} 63. Ra8 {[%clk 0:46:25]} Kxf5
{[%clk 0:01:49]} 64. Ra5+ {[%clk 0:46:34]} Be5 {[%clk 0:01:58]} 65. Ra6 {[%clk
0:46:08]} h5 {[%clk 0:01:31]} 66. Rh6 {[%clk 0:45:34]} Kg5 {[%clk 0:00:44]} 67.
Re6 {[%clk 0:45:08]} Kf5 {[%clk 0:00:48]} 68. Rh6 {[%clk 0:45:30]} Rh1 {[%clk
0:00:49]} 69. Kg2 {[%clk 0:45:18]} Rh2+ {[%clk 0:01:16]} 70. Kf3 {[%clk
0:45:20]} Bf4 {[%clk 0:00:51]} 71. Rh8 {[%clk 0:45:30]} Be5 {[%clk 0:00:51]}
72. Rf8+ {[%clk 0:45:12]} Bf6 {[%clk 0:01:11]} 73. Kg3 {[%clk 0:44:57]} Rh1
{[%clk 0:01:13]} 74. Kg2 {[%clk 0:44:47]} Rh4 {[%clk 0:01:32]} 75. Kg3 {[%clk
0:44:37]} Rg4+ {[%clk 0:01:47]} 76. Kh3 {[%clk 0:44:38]} Rg6 {[%clk 0:01:45]}
77. Rc8 {[%clk 0:43:30]} Rg4 {[%clk 0:01:22]} 78. Rc5+ {[%clk 0:43:43]} Be5
{[%clk 0:01:32]} 79. Rc8 {[%clk 0:43:27]} Ke4 {[%clk 0:00:57]} 80. Rc4+ {[%clk
0:43:48]} Kf3 {[%clk 0:01:06]} 81. Rc1 {[%clk 0:41:32]} Bg3 {[%clk 0:00:43]}
82. Rc3+ {[%clk 0:40:27]} Kf4 {[%clk 0:00:40]} 83. Rc4+ {[%clk 0:40:45]} Kf3
{[%clk 0:00:47]} 84. Rc3+ {[%clk 0:41:10]} Kf2 {[%clk 0:00:51]} 85. Rc2+ {[%clk
0:41:21]} Kf1 {[%clk 0:00:54]} 86. Rc3 {[%clk 0:40:03]} Bf2 {[%clk 0:00:49]}
87. Rc1+ {[%clk 0:37:35]} Be1 {[%clk 0:01:04]} 88. Rxe1+ {[%clk 0:37:10]} Kxe1
{[%clk 0:01:28]} 89. Kh2 {[%clk 0:37:28]} Kf2 {[%clk 0:01:32]} 90. Kh3 {[%clk
0:37:50]} Rf4 {[%clk 0:01:44]} 91. Kh2 {[%clk 0:36:48]} Rh4# {[%clk 0:02:07]}
0-1

[Event "DVM U20w 2018"]
[Site "Osnabrück GER"]
[Date "2018.12.27"]
[Round "1"]
[White "Sereda, Yaroslava"]
[Black "Pietsch, Virginia-Atlanta"]
[Result "1-0"]
[Termination "normal"]
[Board "3.4"]
[WhiteElo "1570"]
[BlackElo "1240"]
[WhiteClock "00:31:21"]
[BlackClock "00:06:05"]
[WhiteTeam "SG Solingen"]
[BlackTeam "Leegebrucher SF"]
[PlyCount "47"]
[WhiteFideId "14178940"]
[BlackFideId "16235053"]
[EventCountry "GER"]
[EventRounds "7"]
[EventType "team-swiss"]
[EventDate "2018.12.26"]

1. e4 {[%clk 1:30:51]} c5 {[%clk 1:30:47]} 2. Nf3 {[%clk 1:31:05]} e6 {[%clk
1:30:09]} 3. d4 {[%clk 1:29:34]} cxd4 {[%clk 1:30:31]} 4. Nxd4 {[%clk 1:29:41]}
a6 {[%clk 1:28:31]} 5. g3 {[%clk 1:19:00]} Bd6 {[%clk 1:20:53]} 6. Bg2 {[%clk
1:15:21]} Ne7 {[%clk 1:17:09]} 7. Nc3 {[%clk 1:11:25]} Nbc6 {[%clk 1:12:50]} 8.
Ndb5 {[%clk 0:51:16]} Be5 {[%clk 1:05:32]} 9. Nd6+ {[%clk 0:50:21]} Bxd6 {[%clk
0:55:44]} 10. Qxd6 {[%clk 0:50:28]} O-O {[%clk 0:51:47]} 11. O-O {[%clk
0:50:05]} Ng6 {[%clk 0:46:51]} 12. f4 {[%clk 0:46:00]} Qe7 {[%clk 0:40:10]} 13.
Qxe7 {[%clk 0:45:08]} Ngxe7 {[%clk 0:40:15]} 14. Be3 {[%clk 0:44:47]} b5 {[%clk
0:38:40]} 15. a3 {[%clk 0:41:53]} Rb8 {[%clk 0:36:17]} 16. Bc5 {[%clk 0:39:01]}
Rd8 {[%clk 0:33:26]} 17. e5 {[%clk 0:35:50]} Bb7 {[%clk 0:30:23]} 18. Bd6
{[%clk 0:35:55]} Re8 {[%clk 0:22:37]} 19. Bxb8 {[%clk 0:35:43]} Rxb8 {[%clk
0:22:54]} 20. Rad1 {[%clk 0:35:44]} Rd8 {[%clk 0:18:25]} 21. Ne4 {[%clk
0:34:47]} Nf5 {[%clk 0:12:41]} 22. Rfe1 {[%clk 0:33:13]} Ncd4 {[%clk 0:09:19]}
23. Rd2 {[%clk 0:31:21]} Bc8 {[%clk 0:06:05]} 24. g4 1-0

[Event "DVM U20w 2018"]
[Site "Osnabrück GER"]
[Date "2018.12.27"]
[Round "1"]
[White "Miljkovic, Jovana"]
[Black "Kohl, Natalie"]
[Result "1-0"]
[Termination "normal"]
[Board "4.1"]
[WhiteTitle "WFM"]
[WhiteElo "1993"]
[BlackElo "1474"]
[WhiteTeam "SV Lingen"]
[BlackTeam "Meuselwitzer SV"]
[PlyCount "43"]
[WhiteFideId "958336"]
[BlackFideId "12967408"]
[EventCountry "GER"]
[EventRounds "7"]
[EventType "team-swiss"]
[EventDate "2018.12.26"]

{[%evp 0,43,19,30,27,-20,2,-19,-29,-24,27,30,55,41,26,28,28,41,40,44,62,24,30,
12,35,10,68,18,36,16,78,99,114,114,118,132,132,144,159,172,170,186,530,569,576,
577]} 1. Nf3 Nf6 2. c4 e6 3. g3 d5 4. d4 b6 5. cxd5 exd5 6. Bg2 Bb7 7. O-O Be7
8. Nc3 O-O 9. Ne5 Re8 10. Qb3 c5 11. dxc5 Bxc5 12. Nd3 Qd7 13. Rd1 Na6 14. Bg5
Rad8 15. Bxf6 gxf6 16. Nf4 Nc7 17. Ncxd5 Bxd5 18. Bxd5 Nxd5 19. Rxd5 Qc6 20.
Qf3 Kf8 21. Rxd8 Bxf2+ 22. Kf1 1-0

[Event "DVM U20w 2018"]
[Site "Osnabrück GER"]
[Date "2018.12.27"]
[Round "1"]
[White "Schumann, Rabea"]
[Black "Rudolph, Eva"]
[Result "1-0"]
[Termination "normal"]
[Board "5.1"]
[WhiteElo "1922"]
[BlackElo "1796"]
[WhiteTeam "SG Güstrow/Teterow"]
[BlackTeam "Düsseldorfer SK"]
[PlyCount "120"]
[WhiteFideId "12918199"]
[BlackFideId "16200594"]
[EventCountry "GER"]
[EventRounds "7"]
[EventType "team-swiss"]
[EventDate "2018.12.26"]

1. c4 e6 2. Nf3 Nf6 3. g3 d5 4. Bg2 d4 5. d3 c5 6. O-O Bd6 7. Na3 Nc6 8. Bd2
O-O 9. Ng5 e5 10. Ne4 h6 11. Nxd6 Qxd6 12. h3 Be6 13. Qe1 Qd7 14. Kh2 Rab8 15.
f4 Rbc8 16. Qf2 exf4 17. gxf4 Qe7 18. Rae1 a6 19. f5 Bd7 20. Nc2 Qd8 21. e4 Ne5
22. Qe2 Bc6 23. b3 Re8 24. Rg1 Kh7 25. Bf3 Qd6 26. Kh1 Nfd7 27. Bf4 Qf6 28.
Ref1 b5 29. Ne1 bxc4 30. bxc4 Rb8 31. Qh2 Rb4 32. Rg2 Rg8 33. Rfg1 Rb1 34. Bh5
Kh8 35. Qg3 Kh7 36. Kh2 Rb4 37. h4 Rb7 38. Kh3 Rb4 39. Kh2 g6 40. fxg6+ fxg6
41. Rf2 Qe6 42. Be2 Rb2 43. Nf3 Nxf3+ 44. Bxf3 Rxf2+ 45. Qxf2 Rf8 46. Qg3 Qf6
47. Bd6 Rf7 48. Rf1 Qd8 49. Kg2 Qa5 50. Rf2 Qa3 51. Be2 Rxf2+ 52. Qxf2 Kg7 53.
Bf1 Qa5 54. Kg3 Qd8 55. e5 Qe8 56. Qf4 Bb7 57. Bh3 Bc8 58. Bxd7 Qxd7 59. Bf8+
Kg8 60. Bxc5 Kh7 1-0

[Event "DVM U20w 2018"]
[Site "Osnabrück GER"]
[Date "2018.12.27"]
[Round "1"]
[White "Zoll, Cindy"]
[Black "Garbuz, Nicole"]
[Result "0-1"]
[Termination "normal"]
[Board "5.3"]
[WhiteElo "1342"]
[BlackElo "1666"]
[WhiteTeam "SG Güstrow/Teterow"]
[BlackTeam "Düsseldorfer SK"]
[PlyCount "48"]
[WhiteFideId "12964638"]
[BlackFideId "12990701"]
[EventCountry "GER"]
[EventRounds "7"]
[EventType "team-swiss"]
[EventDate "2018.12.26"]

{unterminated} 1. f4 Nf6 2. e3 d6 3. Nf3 Nc6 4. d4 d5 5. c3 Bd7 6. Bd3 e6 7.
O-O Bd6 8. Ne5 O-O 9. Nd2 Ne7 10. Ndf3 Ne4 11. Qe1 f6 12. Nxd7 Qxd7 13. h3 c5
14. g4 Qe8 15. Nh4 g5 16. Nf3 Qg6 17. fxg5 fxg5 18. Nd2 Rxf1+ 19. Nxf1 Qh6 20.
Kg2 Rf8 21. Bxe4 dxe4 22. Ng3 Qh4 23. Bd2 Rf3 24. Nxe4 Qxh3+ 0-1

[Event "DVM U20w 2018"]
[Site "Osnabrück GER"]
[Date "2018.12.27"]
[Round "1"]
[White "Paulweber, Lara Maria"]
[Black "Gesell, Myriam"]
[Result "1-0"]
[Termination "normal"]
[Board "5.4"]
[WhiteElo "1483"]
[BlackElo "769"]
[WhiteTeam "Düsseldorfer SK"]
[BlackTeam "SG Güstrow/Teterow"]
[PlyCount "93"]
[WhiteFideId "12954411"]
[BlackFideId "16200330"]
[EventCountry "GER"]
[EventRounds "7"]
[EventType "team-swiss"]
[EventDate "2018.12.26"]

{[%evp 0,93,30,14,31,23,8,4,4,-4,0,2,37,29,108,97,100,96,96,96,100,100,96,87,
83,87,84,53,72,81,137,135,150,155,187,192,188,183,183,143,141,169,187,170,180,
109,109,116,104,81,110,91,122,64,63,35,80,80,80,80,101,103,94,95,129,117,114,
122,225,225,225,225,227,229,392,426,426,435,432,459,500,580,1026,1107,1174,
1182,1230,1160,1561,29403,29977,29978,29991,29992,29997,29992]} 1. e4 e5 2. Nf3
Nc6 3. d4 exd4 4. Nxd4 Nf6 5. Nc3 Bc5 6. Be3 d6 7. Nxc6 bxc6 8. Bxc5 dxc5 9.
Qxd8+ Kxd8 10. O-O-O+ Ke7 11. f3 Be6 12. Na4 Nd7 13. Rd3 Rhd8 14. Rc3 Kf8 15.
Nxc5 Nxc5 16. Rxc5 Bd7 17. Bc4 a5 18. Rd1 a4 19. b4 axb3 20. Bxb3 Ke8 21. Rd4
h6 22. Ra4 Rxa4 23. Bxa4 Ra8 24. Rc4 Ra6 25. Kb2 Kf8 26. Kc3 Be6 27. Rb4 c5 28.
Rb8+ Ke7 29. Bb3 Ra3 30. Kb2 Ra6 31. Bxe6 Rxe6 32. Rb5 Rc6 33. Kc3 f6 34. a4
Kd6 35. a5 Ke5 36. Kc4 Rd6 37. Rxc5+ Kf4 38. Rxc7 Rd2 39. Kb5 g5 40. a6 Rxg2
41. a7 Rxh2 42. a8=Q h5 43. e5 fxe5 44. Qe4+ Kg3 45. Qxe5+ Kf2 46. Qxh2+ Ke3
47. Re7+ 1-0

[Event "DVM U20w 2018"]
[Site "Osnabrück GER"]
[Date "2018.12.27"]
[Round "1"]
[White "Wiesner, Paula"]
[Black "La, Quynh Trang"]
[Result "1-0"]
[Termination "normal"]
[Board "6.1"]
[WhiteElo "1966"]
[BlackElo "1583"]
[WhiteTeam "SC Borussia Lichtenberg"]
[BlackTeam "SG Trier"]
[PlyCount "115"]
[WhiteFideId "24654019"]
[BlackFideId "16275276"]
[EventCountry "GER"]
[EventRounds "7"]
[EventType "team-swiss"]
[EventDate "2018.12.26"]

{[%evp 0,115,30,32,25,21,42,33,36,28,37,40,40,40,46,45,33,30,26,25,31,-2,27,31,
22,22,18,15,28,25,17,8,8,9,8,-20,32,-9,0,-23,-14,-13,-10,-5,-7,-7,23,33,37,43,
47,24,55,7,54,37,80,81,81,78,78,78,78,78,96,87,86,88,100,95,110,93,114,115,116,
116,113,59,116,103,103,100,130,126,133,141,144,159,164,144,144,122,144,144,144,
149,133,133,206,180,425,510,606,716,1013,1180,1263,1263,1673,1772,29951,2241,
29957,24525,1954,25015,29967,1944]} 1. d4 e6 2. e4 d5 3. Nd2 dxe4 4. Nxe4 Nd7
5. Bd3 Ngf6 6. c3 Be7 7. Nf3 O-O 8. O-O b6 9. Qc2 Bb7 10. h3 Nxe4 11. Bxe4 Bxe4
12. Qxe4 Nf6 13. Qe2 c5 14. Rd1 Qc7 15. Bg5 h6 16. Bh4 Rad8 17. Ne5 Rfe8 18.
Qf3 Rc8 19. Bg3 Bd6 20. Ng4 Nxg4 21. Bxd6 Qxd6 22. Qxg4 c4 23. Re1 Rc7 24. Re5
Rd8 25. Rd1 Qe7 26. d5 Rcd7 27. Qxc4 Qf6 28. Qe4 Rxd5 29. Rdxd5 Rxd5 30. Rxd5
exd5 31. Qxd5 Qe7 32. Qd2 Qe6 33. b3 Qe7 34. c4 a5 35. Qe3 Qd8 36. g3 Kh7 37.
Qe4+ g6 38. Qd5 Qe7 39. a3 Kg8 40. Qc6 Qd8 41. b4 axb4 42. axb4 Kf8 43. c5 bxc5
44. Qxc5+ Ke8 45. Qe5+ Qe7 46. Qxe7+ Kxe7 47. Kf1 Kd6 48. Ke2 f6 49. Kd3 Kd5
50. g4 f5 51. gxf5 gxf5 52. f4 Kc6 53. Kd4 Kb5 54. Ke5 Kxb4 55. Kxf5 Kc4 56.
Kg6 Kd4 57. f5 Ke5 58. f6 1-0

[Event "DVM U20w 2018"]
[Site "Osnabrück GER"]
[Date "2018.12.27"]
[Round "1"]
[White "Arndt, Lena"]
[Black "Hartmann, Cora"]
[Result "0-1"]
[Termination "normal"]
[Board "6.2"]
[WhiteElo "1767"]
[BlackElo "1830"]
[WhiteTeam "SG Trier"]
[BlackTeam "SC Borussia Lichtenberg"]
[PlyCount "76"]
[WhiteFideId "16262476"]
[BlackFideId "16200764"]
[EventCountry "GER"]
[EventRounds "7"]
[EventType "team-swiss"]
[EventDate "2018.12.26"]

{unterminated} 1. e4 e5 2. Nf3 Nc6 3. Bc4 Bc5 4. d3 d6 5. h3 Nf6 6. O-O Be6 7.
Bb3 Qe7 8. Be3 Bb6 9. Nbd2 Nd7 10. c3 f5 11. exf5 Bxf5 12. Bc2 Nf6 13. Nh4 Be6
14. Nhf3 Bf7 15. Ng5 Bh5 16. Qc1 Nd5 17. Nde4 Nxe3 18. fxe3 d5 19. Qe1 dxe4 20.
Nxe4 O-O-O 21. Nf2 Qg5 22. Nd1 Bxd1 23. Qxd1 Bxe3+ 24. Kh1 Rhf8 25. Rxf8 Rxf8
26. Qe2 Rf2 27. Qg4+ Qxg4 28. hxg4 Rxc2 29. Rf1 Rc1 30. Rxc1 Bxc1 31. Kg1 Bxb2
32. c4 Nb4 33. Kf1 Nxd3 34. Ke2 Nf4+ 35. Kf3 Kd7 36. Ke4 Nxg2 37. Kd5 Ne3+ 38.
Kc5 Nxg4 0-1

[Event "DVM U20w 2018"]
[Site "Osnabrück GER"]
[Date "2018.12.27"]
[Round "1"]
[White "Wagner, Swenja"]
[Black "Elenz, Elisa"]
[Result "1-0"]
[Termination "normal"]
[Board "6.3"]
[WhiteElo "1749"]
[BlackElo "1490"]
[WhiteTeam "SC Borussia Lichtenberg"]
[BlackTeam "SG Trier"]
[PlyCount "77"]
[WhiteFideId "12900494"]
[BlackFideId "16262492"]
[EventCountry "GER"]
[EventRounds "7"]
[EventType "team-swiss"]
[EventDate "2018.12.26"]

{[%evp 0,77,30,28,33,6,-2,-35,-16,3,14,4,4,-7,22,36,40,41,54,41,41,51,60,29,17,
-26,17,26,21,17,30,38,30,76,146,135,140,112,165,165,165,159,460,481,497,421,
421,384,384,155,170,161,393,545,524,761,739,521,586,552,554,570,686,700,1209,
1179,1485,1402,1440,1435,1499,1428,1336,29984,29995,29996,29997,29998,29999,
-30000]} 1. e4 e6 2. d3 d5 3. Nd2 Nf6 4. Ngf3 c5 5. g3 Nc6 6. Bg2 Qb6 7. O-O
Bd7 8. Re1 O-O-O 9. e5 Ng4 10. h3 Nh6 11. c3 f6 12. a3 Nf7 13. exf6 gxf6 14. b4
cxb4 15. axb4 Bd6 16. Nb3 Bb8 17. Be3 Qc7 18. b5 Ne7 19. Bxa7 Bxa7 20. Rxa7
Bxb5 21. Nfd4 Qb6 22. Nxb5 Qxb5 23. Nd4 Qb6 24. Qa4 e5 25. h4 Nh6 26. Bh3+ f5
27. Rxe5 Rhe8 28. Nxf5 Nhxf5 29. Bxf5+ Kc7 30. Re6 Nxf5 31. Rxb6 Re1+ 32. Kg2
Nxh4+ 33. gxh4 Rg8+ 34. Kh2 Kxb6 35. Qd4+ Kc6 36. Qf6+ Kb5 37. Rxb7+ Ka5 38.
Qb6+ Ka4 39. Qb4# 1-0